Strategic management : from concept to implementation

Bibliographic Details
Main Author: Bourgeois, L. J. (Author)
Format: Book
Published: Fort Worth, Tex. : The Dryden Press , c1996
Series:The Dryden Press series in management
Subjects:

MARC

LEADER 00000cam a2200000 7i4500
001 0000002183
005 20030219093000.0
008 021118s1996
020 |a 0030557895 
090 0 0 |a HD30.28   |b .B683 1996 
100 0 |a Bourgeois, L. J. ,   |e author 
245 1 0 |a Strategic management :   |b from concept to implementation   |c L. J. Bourgeois, III 
260 2 |a Fort Worth, Tex. :   |b The Dryden Press ,   |c c1996 
300 |a xxiii, 984 p. :   |b ill. ;   |c 25 cm. 
440 0 4 |a The Dryden Press series in management 
650 0 |a Strategic planning 
999 |a 1000076376   |b Book   |c OPEN SHELF (30 DAYS)   |e Gong Badak Campus